000 00918nam a2200253 i 4500
001 bg
245 0 0 _aUstawa o gospodarce nieruchomościami :
_bkomentarz /
_cGerard Bieniek [et al.] ; pod red. Gerarda Bieńka.
250 _aWyd. 3, stan prawny na 9 kwietnia 2008 roku.
260 _aWarszawa :
_bWydawnictwo Prawnicze LexisNexis,
_c2008.
300 _a775, [1] s. ;
_c25 cm.
504 _aIndeks.
650 9 _aNieruchomości
_xgospodarka
_xprawo
_zPolska
_ystan na 2008 r.
700 1 _aBieniek, Gerard
_d(1941-2011).
015 _aPB 16037/2008
020 _a9788373349308
040 _cBPK
041 _apol
044 _aPOL
080 _a347.235(438)(094.5.072)
920 _a978-83-7334-930-8
942 _cKS
008 090408s2008 pl f l |001 0 pol
999 _c56261
_d56261
856 _uhttp://koha.tu.koszalin.pl/cgi-bin/koha/opac-detail.pl?biblionumber=56261
_yKatalog online BPK